Basic electronics systems technology / (Record no. 181231)
[ view plain ]
| 000 -LEADER | |
|---|---|
| fixed length control field | 00750 a2200181 4500 |
| 003 - CONTROL NUMBER IDENTIFIER | |
| control field | Nust |
| 005 - DATE AND TIME OF LATEST TRANSACTION | |
| control field | 20230721121414.0 |
| 040 ## - CATALOGING SOURCE | |
| Transcribing agency | Nust |
| 082 ## - DEWEY DECIMAL CLASSIFICATION NUMBER | |
| Classification number | 621.381,DUG |
| 100 ## - MAIN ENTRY--PERSONAL NAME | |
| Personal name | Dugger William |
| 9 (RLIN) | 101376 |
| 245 ## - TITLE STATEMENT | |
| Title | Basic electronics systems technology / |
| Statement of responsibility, etc. | William Dugger , Dale Patrick, Alan Suess & James Ziegler |
| 260 ## - PUBLICATION, DISTRIBUTION, ETC. | |
| Place of publication, distribution, etc. | Calif., Bruce |
| Name of publisher, distributor, etc. | Beverly Hills |
| Date of publication, distribution, etc. | 1973 |
| 300 ## - PHYSICAL DESCRIPTION | |
| Extent | 217 p |
| Other physical details | illus |
| Dimensions | 24 cm |
| 505 ## - FORMATTED CONTENTS NOTE | |
| Formatted contents note | Audio Components (Page-1), Semiconductor Theory (Page-25), Vacuum Tube Theory (Page-59), Oscillators (Page-85), Power Supplies (Page-122), Integrated Circuits (Page-176), Solid state Controls (Page-200). |
| 600 ## - SUBJECT ADDED ENTRY--PERSONAL NAME | |
| Personal name | Dugger William |
| 9 (RLIN) | 101376 |
| 650 ## - SUBJECT ADDED ENTRY--TOPICAL TERM | |
| Topical term or geographic name entry element | Basic electronics systems technology |
| 9 (RLIN) | 103075 |
| 942 ## - ADDED ENTRY ELEMENTS (KOHA) | |
| Source of classification or shelving scheme | |
| Koha item type | Book |
| Call number prefix | 621.381,DUG |
| Withdrawn status | Lost status | Source of classification or shelving scheme | Damaged status | Not for loan | Permanent Location | Current Location | Shelving location | Date acquired | Full call number | Barcode | Date last seen | Price effective from | Koha item type | Public note |
|---|---|---|---|---|---|---|---|---|---|---|---|---|---|---|
| Military College of Signals (MCS) | Military College of Signals (MCS) | General Stacks | 12/12/2016 | 621.381,DUG | MCS5461 | 12/08/2016 | 12/12/2016 | Book | Almirah No 88, Shelf No 1 |
